Cleveland Theatres and Performance Venues (City Proper) Quiz Stats

 Plays Quiz not verified by Sporcle

Score 0/26 Timer 20:00
0 Plays Today
Location in City Venue % Correct
Downtown/Theater DistrictAllen Theatre
62.5%
Downtown/Theater DistrictOhio Theatre
62.5%
Downtown/Theater DistrictHanna Theatre
62.5%
Downtown/Theater DistrictState Theatre
50%
Ohio City/Gordon SquareNew Near West Theatre
37.5%
FairfaxKaramu House Theatre
37.5%
Downtown/Theater District14th Street Theatre
37.5%
DowntownCleveland House of Blues
37.5%
CollinwoodBeachland Ballroom and Tavern
37.5%
Downtown/Campus DistrictCleveland State University Wolstein Center
37.5%
Downtown/The Flats DistrictJacobs Pavilion at Nautica
37.5%
Mid-TownAgora Theatre
25%
Downtown/Theater DistrictPalace Theatre
25%
Location in City Venue % Correct
University CircleSeverance Hall
25%
Downtown/Theater DistrictKennedy's Theatre
25%
Downtown/Civic CenterCleveland Public Auditorium
25%
Downtown/Theater DistrictSecond Stage
12.5%
Downtown/Theater DistrictHelen Rosenfeld Lewis Bialosky Lab Theatre
12.5%
Downtown/The Flats DistrictTime Warner Cable Ampitheater at Tower City
12.5%
Downtown/North Coast HarborCleveland Browns Lakefront Stadium
12.5%
Downtown/Campus DistrictPeabody's Concert Club
12.5%
Detroit ShorewayBrother's Lounge
12.5%
University CircleKulas Hall
12.5%
Ohio City/Gordon SquareJames Levin Theatre
0%
Downtown/Theater DistrictWestfield Insurance Theatre
0%
GatewayQuickens Loans Arena
0%

You're not logged in!

Compare scores with friends on all Sporcle quizzes.
OR
Log In

Show Comments

Extras

Top Quizzes Today


Score Distribution

Your Account Isn't Verified!

In order to create a playlist on Sporcle, you need to verify the email address you used during registration. Go to your Sporcle Settings to finish the process.

Report this User

Report this user for behavior that violates our Community Guidelines.

Details: